000
00306nam a22001337a 4500
008
170602b xxu||||| |||| 00| 0 eng d
020
_a
9780312446741
041
_a
eng
080
_2
10TH
_a
94
100
_a
17
101
_a
SHH
245
_a
A STUDENT'S GUIDE TO HISTORY
_c
BENJAMIN,J.R
942
_2
udc
_c
BK
999
_c
15540
_d
15540